| 000 | 00634nam a2200229Ia 4500 | ||
|---|---|---|---|
| 003 | OSt | ||
| 005 | 20230602170610.0 | ||
| 008 | 210423s2010 xx 000 0 und d | ||
| 020 | _a9788132102380 | ||
| 040 | _cAL | ||
| 041 | _aeng | ||
| 082 |
_a361.4 _223 _bDATS |
||
| 100 |
_aDATAR (Sudha);others _9119054 |
||
| 245 | _aSkill training for social workers: a manual | ||
| 260 |
_aNew Delhi _bSage Publications _c2010 |
||
| 300 |
_a266 _bHB |
||
| 365 |
_b395 _cINR |
||
| 650 |
_aGroup Work _9119055 |
||
| 650 |
_aSocial Problems & Services _9119056 |
||
| 906 | _amanual ; Skill ; social ; training ; workers: | ||
| 942 |
_2ddc _cBK |
||
| 999 |
_c175689 _d175689 |
||